An introduction to history / (Record no. 130324)

MARC details
000 -LEADER
fixed length control field 00587nam a22002057a 4500
005 - DATE AND TIME OF LATEST TRANSACTION
control field 20170124110110.0
010 ## - LIBRARY OF CONGRESS CONTROL NUMBER
LC control number 847031
020 ## - INTERNATIONAL STANDARD BOOK NUMBER
Terms of availability 00.00
International Standard Book Number 33390169
035 ## - SYSTEM CONTROL NUMBER
System control number 847031
037 ## - SOURCE OF ACQUISITION
Source of stock number/acquisition Cen Lib/Ret
040 ## - CATALOGING SOURCE
Original cataloging agency DPL
Language of cataloging EN
082 ## - DEWEY DECIMAL CLASSIFICATION NUMBER
Classification number 900
Item number WEB
100 ## - MAIN ENTRY--PERSONAL NAME
Personal name Webster, John C B
9 (RLIN) 3685
245 ## - TITLE STATEMENT
Title An introduction to history /
Statement of responsibility, etc by John C B Webster
260 ## - PUBLICATION, DISTRIBUTION, ETC. (IMPRINT)
Place of publication, distribution, etc Delhi
Name of publisher, distributor, etc Macmillian
Date of publication, distribution, etc 1977
300 ## - PHYSICAL DESCRIPTION
Extent xi,172p.
Dimensions 21cm(Hb)
650 ## - SUBJECT ADDED ENTRY--TOPICAL TERM
Topical term or geographic name as entry element India -- Historiography
9 (RLIN) 28911
650 ## - SUBJECT ADDED ENTRY--TOPICAL TERM
Topical term or geographic name as entry element History -- Study and teaching -- India
9 (RLIN) 28912
942 ## - ADDED ENTRY ELEMENTS (KOHA)
Source of classification or shelving scheme Dewey Decimal Classification
Koha item type English Books
Classification part 900
Call number suffix WEB
Holdings
Withdrawn status Lost status Damaged status Not for loan Home library Current library Date acquired Source of acquisition Cost, normal purchase price Total Checkouts Full call number Barcode Date last seen Date checked out Copy number Cost, replacement price Price effective from Koha item type
        Central Library Central Library 09/07/2015 Cen Lib/Ret 0.00 1 900 WEB 847031 22/04/2017 08/04/2017 1 0.00 09/07/2015 English Books

© Delhi Public Library
Hit Counter
free hit counter